| 000 | 00000nam 2200000za 4500 |
| 001 | 9.855859 |
| 003 | CaOODSP |
| 005 | 20241203113642 |
| 007 | cr ||||||||||| |
| 008 | 180426s1986 nkc #ot f|0| 0 eng d |
| 020 | |z0-662-14857-6 |
| 040 | |aCaOODSP|beng |
| 041 | |aeng|bfre |
| 043 | |an-cnm |
| 086 | 1 |aCW69-5/7E-PDF |
| 100 | 1 |aBusby, D. G. |
| 245 | 10|aEffects of aerial application of Zectran (r) UCZF 19 on the growth and development of nestling white-throated sparrows |h[electronic resource] / |cD. G. Busby ; J. R. Blacquiere. |
| 260 | |aSackville, N. B. : |bAtlantic Region, Canadian Wildlife Service, Environment Canada, |c1986. |
| 300 | |a18 p. : |bfigures. |
| 490 | 1 |aTechnical report series ; |vno. 7 |
| 500 | |aDigitized edition from print [produced by Environment and Climate Change Canada]. |
| 504 | |aIncludes bibliographic references. |
| 520 | 3 |a"The cholinesterase-inhibiting insecticide Zectran® is currently being tested for spruce budworm (Choristoneura fumiferana) control in Canada. Because of its relatively high acute oral toxicity to birds, concern about Zectran' s registration prompted the Canadian Wildlife Service (Atlantic Region) to determine if field application of it is hazardous to songbirds. Of particular concern are nestlings, which are more sensitive to cholinesterase-inhibiting insecticides than are adult songbirds"--Abstract, p. 3. |
| 546 | |aIncludes abstract in French. |
| 692 | 07|2gccst|aBirds |
| 692 | 07|2gccst|aInsecticides |
| 700 | 1 |aBlacquiere, Joseph Richard,|d1953- |
| 710 | 1 |aCanada. |bEnvironment Canada. |
| 710 | 2 |aCanadian Wildlife Service. |bAtlantic Region. |
| 830 | #0|aTechnical report series (Canadian Wildlife Service)|vno. 7|w(CaOODSP)9.504438 |
| 856 | 40|qPDF|s7.71 MB|uhttps://publications.gc.ca/collections/collection_2018/eccc/cw69-5/CW69-5-7-eng.pdf |
| 986 | |aCW69-5/7E |